| 000 | 01427nam a2200289 a 4500 | ||
|---|---|---|---|
| 003 | DO-SdBNP | ||
| 005 | 20260211101520.0 | ||
| 007 | ta | ||
| 008 | 220127e2019 dr ||||frgl|| 000 0 spa d | ||
| 020 | _a9789945610192 | ||
| 040 |
_aDO-SdBNP _bspa _cBNPHU |
||
| 082 | 4 |
_bR426r _222 |
|
| 110 | 1 |
_943494 _aRepública Dominicana. _bTribunal Constitucional. |
|
| 245 | 1 | 0 |
_aReglamento de la Carrera Constitucional / _cEdición, Leonor Tejada |
| 260 |
_aSanto Domingo : _bTribunal Consitucional, _c2019 |
||
| 300 |
_a31 p ; _c23 cm. |
||
| 505 |
_aGlosario de términos. _gTÍTULO I. _tCarrera Constitucional.-- _gTÍTULO II. _tDisposiciones Generales.-- _gTÍTULO III. _tDirección de la Carrera Constitucional.-- _gTÍTULO IV. _tIngreso a la Carrera Constitucional.-- _gTÍTULO V. _tTerminación de la Carrera Constitucional.-- _gTÍTULO VI. _tProcedimientos Complementarios de la Carrera Constitucional.-- _gTÍTULO VII. _tDisposiciones Generales. |
||
| 590 | _aInventariado 2022 / MF | ||
| 610 | 1 | 0 |
_aRepública Dominicana. _bCorte de Constitucionalidad _971191 |
| 650 | 0 |
_aTribunales constitucionales _vReglamentos _978719 |
|
| 650 | 4 |
_977743 _aTribunal Constitucional (república dominicana) _vReglamentos |
|
| 650 | 4 |
_956229 _aDerecho Constitucional _zRepública Dominicana |
|
| 650 | 4 |
_919981 _aCarrera Constitucional _zRepública Dominicana _xReglamentos |
|
| 700 |
_aTejada, Leonor _eed. _981038 |
||
| 910 | _aMFéliz | ||
| 942 |
_2ddc _cLF2 |
||
| 999 |
_c51247 _d51247 |
||